|
|
|
|
| LEADER |
01345nam a2200325 a 4500 |
| 001 |
31173 |
| 003 |
BD-DhAAL |
| 005 |
20160718103650.0 |
| 008 |
160718s2010 nyua 001 0 eng |
| 010 |
|
|
|a 2009009581
|
| 020 |
|
|
|a 9780815341369 (pbk.)
|
| 020 |
|
|
|a 0815341369 (pbk.)
|
| 040 |
|
|
|a DLC
|c DLC
|d YDX
|d YDXCP
|d ORX
|d DLC
|d BD-DhAAL
|
| 050 |
0 |
0 |
|a QH323.5
|b .A38 2010
|
| 082 |
0 |
0 |
|a 570.15/1
|2 22
|
| 100 |
1 |
|
|a Aitken, Michael R. F.
|9 19956
|
| 245 |
1 |
0 |
|a Mathematics for biological scientists /
|c Mike Aitken, Bill Broadhurst, Steve Hladky.
|
| 260 |
|
|
|a New York, NY :
|b Garland Science,
|c c2010.
|
| 300 |
|
|
|a xix, 452 p. :
|b col. ill. ;
|c 28 cm.
|
| 500 |
|
|
|a Includes index.
|
| 526 |
|
|
|a MNS
|
| 541 |
|
|
|e 31173, 31174
|
| 650 |
|
0 |
|a Biomathematics
|v Textbooks.
|9 19957
|
| 650 |
|
0 |
|a Biomathematics.
|9 19958
|
| 700 |
1 |
|
|a Broadhurst, Bill.
|9 19959
|
| 700 |
1 |
|
|a Hladky, S. B.
|9 19960
|
| 942 |
|
|
|2 ddc
|c BK
|
| 999 |
|
|
|c 37584
|d 37584
|
| 952 |
|
|
|0 0
|1 0
|2 ddc
|4 0
|6 570_150000000000000_1_AIT
|7 0
|9 59298
|a BRACUL
|b BRACUL
|c GEN
|d 2016-07-11
|e Karim International
|g 3740.00
|l 3
|m 35
|o 570.151 AIT
|p 3010031173
|r 2025-04-16
|s 2024-12-09
|t 1
|v 3740.00
|w 2016-07-11
|y BK
|
| 952 |
|
|
|0 0
|1 0
|2 ddc
|4 0
|6 570_150000000000000_1_AIT
|7 0
|9 59299
|a BRACUL
|b BRACUL
|c GEN
|d 2016-07-11
|e Karim International
|g 3740.00
|l 3
|o 570.151 AIT
|p 3010031174
|r 2024-12-11
|s 2024-11-25
|t 2
|v 3740.00
|w 2016-07-11
|y BK
|